[Event "ROM-chT Rapid"]
[Site "Sebes"]
[Date "2023.12.02"]
[Round "1.10"]
[White "Craciun, Ovidiu"]
[Black "Sfarlog, Tudor Vlad"]
[Result "0-1"]
[WhiteElo "1834"]
[BlackElo "2283"]
[PlyCount "110"]
[EventDate "2023.12.02"]
[EventType "team-swiss (rapid)"]
[EventRounds "8"]
[EventCountry "ROU"]
[SourceTitle "CB49_2023"]
[SourceDate "2023.12.06"]
[SourceVersion "1"]
[SourceVersionDate "2023.12.06"]
[SourceQuality "1"]
[WhiteTeam "Cugir Metalurgistul"]
[BlackTeam "Alba Iulia Unirea"]
[WhiteTeamCountry "ROU"]
[BlackTeamCountry "ROU"]

1. e4 g6 2. d4 Bg7 3. Be3 d6 4. Qd2 a6 5. Bd3 Nf6 6. f3 e5 7. Ne2 0-0 8. d5 Nh5 9. Nbc3 f5 10. 0-0-0 Nd7 11. exf5 gxf5 12. g4 e4 13. gxh5 exd3 14. Qxd3 Ne5 15. Qd4 f4 16. Bxf4 Ng6 17. Qe3 Nxf4 18. Nxf4 Qf6 19. Ne6 Bxe6 20. Qxe6+ Qxe6 21. dxe6 Rae8 22. Rde1 Bxc3 23. bxc3 Rxf3 24. Rhg1+ Kf8 25. Rg3 Rf6 26. Rge3 Ke7 27. Rg3 Kf8 28. Rge3 d5 29. Kb2 Ke7 30. Kb3 Kd6 31. c4 Rfxe6 32. Rxe6+ Rxe6 33. Rd1 Re5 34. cxd5 Rxd5 35. Rf1 Rxh5 36. Rf2 a5 37. c3 b6 38. Kc4 Rh4+ 39. Kd3 a4 40. Kc2 b5 41. Kb2 c6 42. Re2 Rh3 43. Kc2 h5 44. a3 Rh4 45. Kd3 Kd5 46. Rf2 Re4 47. Rf5+ Re5 48. Rf4 Re1 49. Rf5+ Kd6 50. Rxh5 Ra1 51. Rh6+ Kc5 52. Rh5+ Kb6 53. Re5 Rxa3 54. Re2 b4 55. Kc4 b3 0-1

[Event "ROM-chT Rapid"]
[Site "Sebes"]
[Date "2022.12.03"]
[Round "7.23"]
[White "Dragomirescu, Calin"]
[Black "Craciun, Ovidiu"]
[Result "1/2-1/2"]
[WhiteElo "1971"]
[BlackElo "1857"]
[PlyCount "55"]
[EventDate "2022.12.03"]
[EventType "team-swiss (rapid)"]
[EventRounds "8"]
[EventCountry "ROU"]
[SourceTitle "CBM 211 Extra"]
[Source "ChessBase"]
[SourceDate "2023.01.31"]
[SourceVersion "1"]
[SourceVersionDate "2023.01.31"]
[SourceQuality "1"]
[WhiteTeam "Family Giroc"]
[BlackTeam "Cugir CSO"]
[WhiteTeamCountry "ROU"]
[BlackTeamCountry "ROU"]

1. d4 Nf6 2. Nf3 g6 3. c4 Bg7 4. Nc3 0-0 5. e4 d6 6. Be2 c6 7. 0-0 Nbd7 8. Qc2 e5 9. d5 a5 10. b3 Qc7 11. Rd1 h6 12. a3 Rd8 13. Rb1 Nf8 14. dxc6 bxc6 15. b4 axb4 16. axb4 Bg4 17. b5 Ne6 18. bxc6 Bxf3 19. Bxf3 Nd4 20. Qd3 Qxc6 21. Nd5 Nxd5 22. cxd5 Qa6 23. Qxa6 Rxa6 24. Be3 Rda8 25. h3 Nc2 26. Rdc1 Nxe3 27. fxe3 Bf8 28. Rb7 1/2-1/2

[Event "Sebes Romanian Rapid op"]
[Site "Sebes"]
[Date "2022.12.02"]
[Round "2"]
[White "Craciun, Ovidiu"]
[Black "Daianu, Cristian Clement"]
[Result "0-1"]
[WhiteElo "1857"]
[BlackElo "2189"]
[PlyCount "40"]
[EventDate "2022.12.02"]
[EventType "swiss (rapid)"]
[EventRounds "8"]
[EventCountry "ROU"]
[SourceTitle "CBM 211 Extra"]
[Source "ChessBase"]
[SourceDate "2023.01.31"]
[SourceVersion "1"]
[SourceVersionDate "2023.01.31"]
[SourceQuality "1"]

1. e4 c5 2. Nf3 d6 3. d4 cxd4 4. Nxd4 Nf6 5. Nc3 a6 6. Qf3 g6 7. Be2 Bg7 8. Be3 0-0 9. Qg3 Nc6 10. 0-0-0 Nxd4 11. Bxd4 Be6 12. h4 Rc8 13. e5 dxe5 14. Bxe5 Qa5 15. f4 b5 16. a3 b4 17. axb4 Qa1+ 18. Kd2 Qxb2 19. Rb1 Rfd8+ 20. Bd3 Qxc3+ 0-1

[Event "ROM-ch Rapid"]
[Site "Bucharest"]
[Date "2022.03.12"]
[Round "4"]
[White "Craciun, Ovidiu"]
[Black "Stefan, Romulus Cristian"]
[Result "0-1"]
[WhiteElo "1911"]
[BlackElo "2088"]
[PlyCount "32"]
[EventDate "2022.03.11"]
[EventType "swiss (rapid)"]
[EventRounds "9"]
[EventCountry "ROU"]
[SourceTitle "CBM 207 Extra"]
[Source "ChessBase"]
[SourceDate "2022.05.31"]
[SourceVersion "1"]
[SourceVersionDate "2022.05.31"]
[SourceQuality "1"]

1. e4 d6 2. d4 Nf6 3. Nc3 g6 4. Be3 a6 5. Qd2 b5 6. f3 Nbd7 7. h4 h5 8. Nh3 c6 9. Ng5 Qc7 10. Qf2 Bg7 11. Be2 Bb7 12. a3 e6 13. Qg3 0-0 14. f4 c5 15. f5 exf5 16. dxc5 Nxc5 0-1

[Event "Arad op-B 14th"]
[Site "Arad"]
[Date "2021.08.05"]
[Round "8"]
[White "Craciun, Ovidiu"]
[Black "Bargan, Victoria"]
[Result "0-1"]
[WhiteElo "1930"]
[BlackElo "1616"]
[PlyCount "60"]
[EventDate "2021.07.30"]
[EventType "swiss"]
[EventRounds "9"]
[EventCountry "ROU"]
[SourceTitle "EXT 2022"]
[Source "ChessBase"]
[SourceDate "2021.10.06"]
[SourceVersion "1"]
[SourceVersionDate "2021.10.06"]
[SourceQuality "1"]

1. e4 c5 2. Nf3 d6 3. d4 cxd4 4. Nxd4 Nf6 5. Nc3 g6 6. Be3 Bg7 7. f3 Nc6 8. Qd2 0-0 9. 0-0-0 Bd7 10. g4 Nxd4 11. Bxd4 Qa5 12. Kb1 Qd8 13. Be2 b5 14. g5 Nh5 15. Bxg7 Nxg7 16. e5 Nf5 17. Ne4 Bc6 18. exd6 Bxe4 19. fxe4 Nxd6 20. Qf4 Qb6 21. h4 Nc4 22. h5 Rad8 23. Rd3 Rxd3 24. cxd3 e5 25. Qh2 Nd2+ 26. Ka1 Rc8 27. hxg6 Qxg6 28. Bh5 Qxg5 29. Rg1 Kf8 30. Re1 Nf1 0-1

[Event "Arad op-B 14th"]
[Site "Arad"]
[Date "2021.07.30"]
[Round "1"]
[White "Iuga, Ioan Alexandru"]
[Black "Craciun, Ovidiu"]
[Result "0-1"]
[WhiteElo "1613"]
[BlackElo "1930"]
[PlyCount "90"]
[EventDate "2021.07.30"]
[EventType "swiss"]
[EventRounds "9"]
[EventCountry "ROU"]
[SourceTitle "EXT 2022"]
[Source "ChessBase"]
[SourceDate "2021.10.06"]
[SourceVersion "1"]
[SourceVersionDate "2021.10.06"]
[SourceQuality "1"]

1. e4 Nf6 2. e5 Nd5 3. c4 Nb6 4. Nc3 d6 5. exd6 cxd6 6. d4 g6 7. Bd3 Bg7 8. Nge2 0-0 9. Be3 Nc6 10. b3 e5 11. dxe5 dxe5 12. Qd2 Nb4 13. 0-0-0 Be6 14. Be4 Nc6 15. Bxc6 bxc6 16. Qd6 Qxd6 17. Rxd6 Rfc8 18. Rhd1 Bf8 19. R6d2 Ba3+ 20. Kb1 Rab8 21. Ka1 f5 22. f4 Bxc4 23. Bxb6 Bxe2 24. Rxe2 axb6 25. fxe5 Rd8 26. Kb1 Rxd1+ 27. Nxd1 Re8 28. Nf2 Kf7 29. Nd3 g5 30. Rc2 c5 31. Rc4 Rd8 32. Kc2 b5 33. Rc3 Rd5 34. g3 Ke6 35. h4 h6 36. hxg5 hxg5 37. b4 Bxb4 38. Rb3 c4 39. Rxb4 cxd3+ 40. Kd2 Kxe5 41. a3 f4 42. gxf4+ gxf4 43. Rb1 Ke4 44. a4 bxa4 45. Rb4+ Rd4 0-1

[Event "Romania blitz online op final"]
[Site "Chess.com INT"]
[Date "2020.05.06"]
[Round "9"]
[White "Craciun, Ovidiu"]
[Black "Tablan, Matei Christian"]
[Result "1-0"]
[WhiteElo "1930"]
[BlackElo "1882"]
[PlyCount "89"]
[EventDate "2020.05.06"]
[EventType "swiss (blitz)"]
[EventRounds "9"]
[EventCountry "ROU"]
[SourceTitle "CBM 196 Extra"]
[Source "ChessBase"]
[SourceDate "2020.07.31"]
[SourceVersion "1"]
[SourceVersionDate "2020.07.31"]
[SourceQuality "1"]

1. e4 c5 2. Nf3 e6 3. d4 cxd4 4. Nxd4 Nf6 5. Nc3 d6 6. g4 Nc6 7. g5 Nd7 8. h4 Be7 9. Be3 Nb6 10. Qh5 Nxd4 11. Bxd4 e5 12. Be3 Be6 13. Bb5+ Bd7 14. 0-0-0 Bxb5 15. Nxb5 a6 16. Nc3 Nc4 17. Rd3 Nxe3 18. fxe3 0-0 19. Rhd1 f6 20. g6 hxg6 21. Qxg6 Qe8 22. Qf5 g6 23. Rg1 Kh7 24. Qe6 Qf7 25. Qxf7+ Rxf7 26. Nd5 Bf8 27. Nb6 Rd8 28. Rgd1 f5 29. exf5 gxf5 30. Nc4 Kg6 31. Nxe5+ dxe5 32. Rxd8 Be7 33. R8d7 Bxh4 34. Rxf7 Kxf7 35. Rd7+ Ke6 36. Rxb7 Bg5 37. Kd2 Kd5 38. Ke2 a5 39. Rb5+ Ke4 40. Rxa5 f4 41. exf4 Kxf4 42. b4 Be7 43. b5 e4 44. b6 Bd8 45. Rb5 1-0

[Event "Wch Seniors 50 29th"]
[Site "Bucharest"]
[Date "2019.11.16"]
[Round "5"]
[White "Pitschka, Claus"]
[Black "Craciun, Ovidiu"]
[Result "1-0"]
[WhiteElo "2186"]
[BlackElo "1953"]
[PlyCount "69"]
[EventDate "2019.11.12"]
[EventType "swiss"]
[EventRounds "11"]
[EventCountry "ROU"]
[SourceTitle "CBM 193 Extra"]
[Source "ChessBase"]
[SourceDate "2020.01.31"]
[SourceVersion "1"]
[SourceVersionDate "2020.01.31"]
[SourceQuality "1"]

1. e4 e5 2. Bc4 Nf6 3. d4 exd4 4. Nf3 Nc6 5. e5 d5 6. Bb5 Ne4 7. Nxd4 Bd7 8. Bxc6 bxc6 9. 0-0 Bc5 10. f3 Ng5 11. f4 Ne4 12. Be3 Bb6 13. Nc3 Nxc3 14. bxc3 c5 15. Nb3 c4 16. Nd4 c5 17. Nf3 Ba4 18. Rf2 Qd7 19. f5 0-0-0 20. Bg5 Qxf5 21. Bxd8 Rxd8 22. Qd2 h6 23. Re1 Qe6 24. Nh4 Bc7 25. Nf5 Bxe5 26. Qe3 f6 27. Qxc5+ Kb8 28. Rxe5 fxe5 29. Qb4+ Qb6 30. Qxa4 g6 31. Nxh6 Rf8 32. Qb4 Rxf2 33. Qxb6+ axb6 34. Kxf2 Kc7 35. Nf7 1-0

[Event "ROM-ch"]
[Site "Olanesti"]
[Date "2019.03.07"]
[Round "6"]
[White "Craciun, Ovidiu"]
[Black "Pop, Alexandru"]
[Result "1-0"]
[WhiteElo "1973"]
[BlackElo "2304"]
[PlyCount "115"]
[EventDate "2019.03.02"]
[EventType "swiss"]
[EventRounds "9"]
[EventCountry "ROU"]
[SourceTitle "CBM 189 Extra"]
[Source "ChessBase"]
[SourceDate "2019.06.03"]
[SourceVersion "1"]
[SourceVersionDate "2019.06.03"]
[SourceQuality "1"]

1. e4 c5 2. Nf3 d6 3. d4 cxd4 4. Nxd4 Nf6 5. Nc3 a6 6. Bg5 e6 7. Qf3 Nbd7 8. Be2 h6 9. Bd2 Qc7 10. a4 b6 11. Qg3 Bb7 12. f3 Rc8 13. Rd1 Qb8 14. Qf2 Be7 15. 0-0 0-0 16. Be3 Bd8 17. Rd2 Bc7 18. Qh4 Ne5 19. Qh3 Ng6 20. Bd3 d5 21. exd5 Nf4 22. Qh4 Nxd3 23. Rxd3 Nxd5 24. Nxd5 Bxd5 25. Nf5 Bd8 26. Nxh6+ gxh6 27. Qxh6 Qe5 28. Bd4 Bg5 29. Qxf8+ Kxf8 30. Bxe5 Rxc2 31. Rfd1 Be7 32. Bd4 Bb4 33. h4 Bc4 34. h5 Bxd3 35. Rxd3 Bc5 36. Bxc5+ bxc5 37. Rc3 Rxb2 38. Rxc5 Rb4 39. Ra5 Rb6 40. Kf2 Kg7 41. g4 Kh6 42. Kg3 f6 43. Kh4 e5 44. Rd5 Re6 45. a5 Rc6 46. Kg3 Re6 47. Rd8 e4 48. fxe4 Rxe4 49. Rg8 Re5 50. Rg6+ Kh7 51. Rxf6 Rxa5 52. Kh4 Kg7 53. Rb6 Kh7 54. h6 Ra1 55. Kh5 Rh1+ 56. Kg5 a5 57. Rb7+ Kg8 58. Kg6 1-0

[Event "ROM-ch"]
[Site "Olanesti"]
[Date "2019.03.05"]
[Round "4"]
[White "Craciun, Ovidiu"]
[Black "Nastase, Robert Paul"]
[Result "0-1"]
[WhiteElo "1973"]
[BlackElo "2269"]
[PlyCount "61"]
[EventDate "2019.03.02"]
[EventType "swiss"]
[EventRounds "9"]
[EventCountry "ROU"]
[SourceTitle "CBM 189 Extra"]
[Source "ChessBase"]
[SourceDate "2019.06.03"]
[SourceVersion "1"]
[SourceVersionDate "2019.06.03"]
[SourceQuality "1"]

1. e4 c5 2. Nf3 d6 3. d4 cxd4 4. Nxd4 Nf6 5. Nc3 a6 6. Bg5 e6 7. f4 Nbd7 8. Qf3 Qc7 9. 0-0-0 b5 10. g4 Bb7 11. a3 Be7 12. Bxf6 Bxf6 13. g5 Be7 14. f5 e5 15. Nde2 Bxg5+ 16. Kb1 Nb6 17. h4 Bf6 18. Ng3 Rc8 19. Rh2 Ke7 20. Rhd2 Rhd8 21. Bxb5 axb5 22. Nxb5 Qb8 23. Nxd6 Rc6 24. Nxb7 Rxd2 25. Rxd2 Nc4 26. Rd5 Qxb7 27. Qc3 Nxb2 28. Qb4+ Qxb4 29. axb4 Na4 30. Ne2 Rc4 31. Kc1 0-1

[Event "Arad op 9th"]
[Site "Arad"]
[Date "2016.08.10"]
[Round "7"]
[White "Craciun, Ovidiu"]
[Black "Cvetkovic, Srdjan"]
[Result "0-1"]
[WhiteElo "1936"]
[BlackElo "2301"]
[PlyCount "64"]
[EventDate "2016.08.06"]
[EventType "swiss"]
[EventRounds "9"]
[EventCountry "ROU"]
[SourceTitle "CBM 173 Extra"]
[Source "ChessBase"]
[SourceDate "2016.08.29"]
[SourceVersion "1"]
[SourceVersionDate "2016.08.29"]
[SourceQuality "1"]

1. e4 c5 2. Nf3 e6 3. d4 cxd4 4. Nxd4 Nc6 5. Nc3 a6 6. Be2 Qc7 7. 0-0 Nf6 8. Kh1 b5 9. a3 Nxd4 10. Qxd4 Bc5 11. Qd3 Bb7 12. Be3 0-0 13. Bf3 Bxe3 14. Qxe3 e5 15. Rad1 Rac8 16. Rd2 Qc5 17. Qxc5 Rxc5 18. Re1 Rfc8 19. Rd3 Rc4 20. Ree3 h6 21. h3 Kf8 22. Rd2 Rd4 23. Rde2 d6 24. Kh2 Ke7 25. Kg3 Rc7 26. Re1 Nd7 27. Bd1 Nb6 28. b3 f6 29. Nb1 d5 30. exd5 Nxd5 31. Rd3 Rxd3+ 32. cxd3 Rc1 0-1

[Event "ROM-ch"]
[Site "Olanesti"]
[Date "2016.04.06"]
[Round "5"]
[White "Craciun, Ovidiu"]
[Black "Salcu, Laurentiu"]
[Result "0-1"]
[WhiteElo "1918"]
[BlackElo "2028"]
[PlyCount "98"]
[EventDate "2016.04.02"]
[EventType "swiss"]
[EventRounds "9"]
[EventCountry "ROU"]
[SourceTitle "CBM 171 Extra"]
[Source "ChessBase"]
[SourceDate "2016.04.26"]
[SourceVersion "1"]
[SourceVersionDate "2016.04.26"]
[SourceQuality "1"]

1. e4 c5 2. Nf3 d6 3. d4 cxd4 4. Nxd4 Nf6 5. Nc3 a6 6. Be2 e6 7. Qd3 Nc6 8. Bg5 Be7 9. 0-0-0 0-0 10. Qg3 Re8 11. Nxc6 bxc6 12. e5 Nd5 13. Bxe7 Rxe7 14. Ne4 Qb6 15. Qa3 Rd7 16. c4 Nf4 17. Bf3 dxe5 18. Rxd7 Bxd7 19. Rd1 Be8 20. Qd6 Ng6 21. g3 Rb8 22. Rd2 a5 23. h4 Qb4 24. Qd3 f5 25. Ng5 e4 26. Nxe4 fxe4 27. Qxe4 Qe7 28. h5 Nf8 29. Qe5 Rd8 30. Qxa5 Rxd2 31. Qxd2 e5 32. b4 Ne6 33. Bd1 Nd4 34. f4 h6 35. Qe1 e4 36. Qe3 Nf5 37. Qc5 Qf6 38. Qe5 Qxe5 39. fxe5 Bf7 40. Bg4 Nxg3 41. e6 Be8 42. a4 Bxh5 43. Bxh5 Nxh5 44. b5 Nf4 45. b6 Nd3+ 46. Kd2 Nc5 47. a5 Na6 48. Ke3 Kf8 49. Kxe4 Ke7 0-1

[Event "ROM-ch"]
[Site "Olanesti"]
[Date "2016.04.03"]
[Round "2"]
[White "Craciun, Ovidiu"]
[Black "Dragomirescu, Calin"]
[Result "0-1"]
[WhiteElo "1918"]
[BlackElo "2177"]
[PlyCount "92"]
[EventDate "2016.04.02"]
[EventType "swiss"]
[EventRounds "9"]
[EventCountry "ROU"]
[SourceTitle "CBM 171 Extra"]
[Source "ChessBase"]
[SourceDate "2016.04.26"]
[SourceVersion "1"]
[SourceVersionDate "2016.04.26"]
[SourceQuality "1"]

1. e4 g6 2. d4 Bg7 3. Nc3 d6 4. Be3 a6 5. Qd2 b5 6. a4 b4 7. Nd5 a5 8. c3 c6 9. Nf4 Nf6 10. Bd3 bxc3 11. bxc3 0-0 12. Nf3 Ng4 13. 0-0 Nd7 14. Ne2 Nxe3 15. Qxe3 Qc7 16. Rab1 Nb6 17. Rb3 Bd7 18. Ra1 Rab8 19. Nd2 e5 20. Rbb1 exd4 21. Nxd4 d5 22. N2b3 dxe4 23. Bxe4 Rfe8 24. Qf3 c5 25. Nc6 Rbc8 26. Nbxa5 f5 27. Bd5+ Kh8 28. Rxb6 Qxb6 29. Nc4 Qc7 30. N6a5 Be6 31. Bxe6 Rxe6 32. g3 Rce8 33. Kg2 f4 34. Rb1 Qf7 35. Rb7 Qf6 36. Rb3 fxg3 37. hxg3 Qxf3+ 38. Kxf3 Rf8+ 39. Kg2 Re2 40. Nc6 Rexf2+ 41. Kh3 h5 42. a5 g5 43. N4e5 R8f5 44. Rb8+ Kh7 45. Rb7 Kh6 46. a6 Bxe5 0-1

[Event "Split op 2nd"]
[Site "Split"]
[Date "2012.08.19"]
[Round "9"]
[White "Craciun, Ovidiu"]
[Black "Franca, Veronika"]
[Result "0-1"]
[WhiteElo "2041"]
[BlackElo "1890"]
[PlyCount "88"]
[EventDate "2012.08.11"]
[EventType "swiss"]
[EventRounds "9"]
[EventCountry "CRO"]
[SourceTitle "CBM 149 Extra"]
[Source "ChessBase"]
[SourceDate "2012.08.24"]
[SourceVersion "1"]
[SourceVersionDate "2012.08.24"]
[SourceQuality "1"]

1. e4 c5 2. Nf3 d6 3. d4 cxd4 4. Nxd4 Nf6 5. Nc3 g6 6. Be3 Bg7 7. f3 Nc6 8. Qd2 0-0 9. Bc4 Bd7 10. 0-0-0 Rb8 11. g4 b5 12. Bb3 Na5 13. g5 Nh5 14. Qd3 Nc4 15. Bxc4 bxc4 16. Qxc4 Qb6 17. Qb3 Qa5 18. Qa3 Qxa3 19. bxa3 Rfc8 20. Rd3 Rc4 21. Kd2 Rbc8 22. Rb1 Bxd4 23. Bxd4 Nf4 24. Rb7 Bh3 25. Rxa7 Nxd3 26. Kxd3 Bf1+ 27. Ke3 Rxc3+ 28. Bxc3 Rxc3+ 29. Kf2 Bh3 30. Rxe7 Rxc2+ 31. Kg3 Be6 32. a4 Rxa2 33. a5 Kg7 34. h4 Ra3 35. Kf4 d5 36. Ke5 Rxf3 37. Rc7 Re3 38. a6 Rxe4+ 39. Kd6 Ra4 40. a7 d4 41. Kc5 d3 42. Kb5 Rxa7 43. Rxa7 d2 44. Ra1 Bg4 0-1

[Event "Split op 2nd"]
[Site "Split"]
[Date "2012.08.18"]
[Round "8"]
[White "Pecha, Tomas"]
[Black "Craciun, Ovidiu"]
[Result "1/2-1/2"]
[WhiteElo "2263"]
[BlackElo "2041"]
[PlyCount "131"]
[EventDate "2012.08.11"]
[EventType "swiss"]
[EventRounds "9"]
[EventCountry "CRO"]
[SourceTitle "CBM 149 Extra"]
[Source "ChessBase"]
[SourceDate "2012.08.24"]
[SourceVersion "1"]
[SourceVersionDate "2012.08.24"]
[SourceQuality "1"]

1. d4 Nf6 2. Nf3 g6 3. Nbd2 Bg7 4. e4 d6 5. Bd3 0-0 6. 0-0 Nbd7 7. h3 e6 8. Re1 a6 9. a4 b6 10. c3 Bb7 11. Nf1 c5 12. Ng3 Qc7 13. Qe2 Rfc8 14. b3 cxd4 15. cxd4 e5 16. Bb2 exd4 17. Nxd4 Nc5 18. b4 Nxd3 19. Qxd3 d5 20. exd5 Nxd5 21. Qd2 Qc4 22. b5 Qb4 23. Rad1 axb5 24. axb5 Ra2 25. Qxb4 Nxb4 26. Nc6 Nxc6 27. bxc6 Bxc6 28. Bxg7 Kxg7 29. Rd6 Rc2 30. Re3 b5 31. Ne2 Be8 32. Nd4 Rc1+ 33. Kh2 R1c4 34. Re7 Kf8 35. Rb7 b4 36. f3 R8c7 37. Rb8 Ke7 38. Rd5 Ba4 39. Re5+ Kf6 40. Ra5 Rxd4 41. Rxa4 Rcc4 42. Rb5 h5 43. Ra7 Rc2 44. h4 Rxh4+ 45. Kg3 Rh1 46. Rxb4 Rg1 47. Rbb7 Rgxg2+ 48. Kf4 Rc4+ 49. Ke3 Kg5 50. Rxf7 Rc6 51. Ra4 Re6+ 52. Kd3 Rg3 53. Re4 Rxe4 54. Kxe4 Rg1 55. Ke3 Re1+ 56. Kf2 Re6 57. Kg3 Ra6 58. Rf8 Rf6 59. f4+ Kf5 60. Ra8 Rd6 61. Ra5+ Ke4 62. Re5+ Kd4 63. Kh4 Rc6 64. Kg5 Rd6 65. Re8 Rd5+ 66. f5 1/2-1/2

[Event "Split op 2nd"]
[Site "Split"]
[Date "2012.08.16"]
[Round "6"]
[White "Susak, Zeljko"]
[Black "Craciun, Ovidiu"]
[Result "1-0"]
[WhiteElo "2203"]
[BlackElo "2041"]
[PlyCount "71"]
[EventDate "2012.08.11"]
[EventType "swiss"]
[EventRounds "9"]
[EventCountry "CRO"]
[SourceTitle "CBM 149 Extra"]
[Source "ChessBase"]
[SourceDate "2012.08.24"]
[SourceVersion "1"]
[SourceVersionDate "2012.08.24"]
[SourceQuality "1"]

1. e4 c5 2. Nf3 Nc6 3. c3 d6 4. Bb5 Qc7 5. 0-0 e6 6. d4 Bd7 7. Re1 Nf6 8. Bf4 Qb6 9. Na3 d5 10. e5 Ne4 11. dxc5 Bxc5 12. Be3 Nxf2 13. Kxf2 Nxe5 14. Nxe5 Bxb5 15. Bxc5 Qxc5+ 16. Qd4 Qxd4+ 17. cxd4 Ba6 18. b4 b6 19. b5 Bb7 20. Rac1 f6 21. Nf7 Kxf7 22. Rc7+ Kg6 23. Rxb7 Rhe8 24. Nc2 e5 25. Nb4 exd4 26. Rxe8 Rxe8 27. Rd7 Kf5 28. Rxd5+ Ke4 29. Rd7 Re5 30. a4 Rf5+ 31. Ke2 Rg5 32. g3 Rh5 33. h4 g5 34. Nc6 gxh4 35. Rxd4+ Kf5 36. g4+ 1-0